One Piece - Arc - Statistiques

Statistiques générales
  • Ce quiz a été pris 1 173 fois
    264 depuis la dernière actualisation
  • Le résultat moyen est 15 sur 31
Statistiques - réponses
Arc Chapitre % Correct
Romance Dawn 1 à 7
73%
Arlong 69 à 95
59%
Baratie 42 à 68
58%
Orange Town 8 à 21
56%
Alabasta 155 à 217
55%
Loguetown 96 à 100
55%
Village de Sirop 22 à 41
55%
Wano Kuni 909 à 1057
53%
Enies Lobby/Post Enies Lobby 375 à 441
51%
Impel Down/Nouvelles de l'équipage 525 à 560
51%
Jaya 218 à 236
51%
Marine ford/Post Marine ford 550 à 597
51%
Royaume de Drum 130 à 154
51%
Water Seven 322 à 374
51%
Dressrosa 700 à 801
50%
Little Garden 115 à 129
50%
Thriller Bark 442 à 489
50%
Whole Cake 822 à 902
50%
Île d'Egg Head 1058 à 1125
49%
Sabaody 490 à 513
49%
Skypiea 237 à 302
49%
Zou 802 à 822
49%
Elbaf 1126 à ???
47%
Reverse Mountain 101 à 105
45%
Amazon Lily 514 à 524
44%
Punk Hazard 654 à 699
44%
Ile des Hommes-Poissons 603 à 653
43%
Whiskey Peak 106 à 114
39%
Rêverie 903 à 908
34%
Davy Back Fight 303 à 321
30%
Retour à Sabaody 598 à 602
30%
Aucun quiz correspondant
Distribution des résultats
% des personnes avec chaque résultat
Percentile par nombre de réponses
Votre historique - résultats
Vous n’avez pas pris ce quiz depuis la dernière actualisation